000 00586nam a2200169 4500
001 145090
003 ES-MaACL
007 t|
008 070214s1981 sp r ||||1| spa d
100 1 _aSoto del Carmen, Francisco.
_9107514
245 1 1 _a¡Apuntalad el aire! /
_cFrancisco Soto del Carmen ; prólogo de Manuel Rodríguez Sánchez ; ilustraciones de Antonio Marcos.
260 _aSalamanca :
_bCervantes,
_c1981.
300 _a118 p. :
_bil. ;
_c21 cm.
700 1 _aRodríguez Sánchez, Manuel.
_998802
700 1 _aMarcos, Antonio.
_976502
852 _aES-MaACL
_jL-981
_bR.101977
999 _c145090
_d145090